| 000 | 00784nam a22002537a 4500 | ||
|---|---|---|---|
| 003 | UA-OsUOA | ||
| 001 | 109172 | ||
| 007 | ta | ||
| 008 | 20141205b un ||||| |||| 00| 0 ukr d | ||
| 100 | _aВолинка В. Г. | ||
| 090 |
_a340.12(075.8) _bВ67 |
||
| 942 | _cBK | ||
| 040 |
_aUA-OsUOA _bukr _cUA-OsUOA _dUA-OsUOA |
||
| 245 |
_aТеорія держави і права _bнавчальний посібник |
||
| 300 | _a240 с. | ||
| 955 | _a2 | ||
| 041 | _aukr | ||
| 080 | _a340.12(075.8) | ||
| 020 | _a966-608-628-Х | ||
| 260 |
_aК. _bМАУП _c2006 |
||
| 250 | _n2-ге вид., стереотип. | ||
| 650 | 7 |
_a340 Право в цілому. Пропедевтика. Методи та допоміжні правничі науки _2UDC |
|
| 999 |
_c395335 _d395335 |
||